| 000 | 00397nam a22001337a 4500 | ||
|---|---|---|---|
| 082 |
_a297.1227 _bMUR _cM |
||
| 100 |
_aMurtaza, Dr Malik Ghulum _951132 |
||
| 245 | _aانوار القران | ||
| 260 |
_aRawalpindi, _bArmy education publishing house, _c2009. |
||
| 300 | _a982p.175p. | ||
| 526 |
_a0 _b0 _c0 _d297_122700000000000_MUR |
||
| 526 |
_a0 _b0 _c0 _d297_122700000000000_MUR |
||
| 942 |
_2ddc _cBK |
||
| 999 |
_c553888 _d553888 |
||